Statystyki dla Wpisz pasujące państwo - wersja losowa

Kliknij tutaj aby rozwiązać quiz!

Ogólne statystyki

  • Ten quiz został rozwiązany 106 365 razy
  • Średni wynik to 12 z 20

Statystyki odpowiedzi

Wpisz pasujący kraj...Kraj% Poprawnych
graniczący z PolskąNiemcy | Czechy | Słowacja | Ukraina | Białoruś | Litwa | Rosja
89%
graniczący z RosjąNorwegia | Finlandia | Estonia | Łotwa | Litwa |
Białoruś | Gruzja | Azerbejdżan | Kazachstan | Chiny |
Mongolia | Korea Północna | Polska | Ukraina
89%
graniczący z FrancjąBelgia | Luksemburg | Niemcy | Szwajcaria | Włochy |
Monako | Andora | Hiszpania | Brazylia | Surinam
88%
zaczynający się na literę DDania | Dżibuti | Dominika | Dominikana | D. R. Konga
88%
w Europie z francuskim jako językiem urzędowymBelgia | Francja | Luksemburg | Monako | Szwajcaria
87%
zaczynający się na literę FFinlandia | Francja | Filipiny | Fidżi
87%
o liczbie ludności przekraczającej 1 miliardIndie | Chiny
87%
w Europie, zaczynający się na literę LLuksemburg | Liechtenstein | Litwa
87%
zaczynający się na literę RRosja | Rumunia | Republika Południowej Afryki | Republika
Środkowoafrykańska | Republika Zielonego Przylądka | Rwanda
87%
który mówi po niemiecku (nie wliczając Niemiec)Austria | Szwajcaria | Liechtenstein | Luksemburg | Belgia
86%
przez który przepływa NilBurundi | D. R. Konga | Egipt | Etiopia | Kenia | Rwanda |
Sudan Południowy | Sudan | Tanzania | Uganda
86%
który ma końcówkę "-stan"Kazachstan | Kirgistan | Uzbekistan | Turkmenistan | Afganistan |
Pakistan | Tadżykistan
86%
graniczący z BrazyliąUrugwaj | Argentyna | Paragwaj | Boliwia | Peru | Kolumbia |
Wenezuela | Gujana | Surinam | Francja
86%
zaczynający się na literę WWatykan | Węgry | Włochy | Wielka Brytania | Wietnam | Wybrzeże
Kości Słoniowej | Wyspy Świętego Tomasza i Książęca | Wyspy
Marshalla | Wyspy Salomona | Wenezuela
86%
zaczynający się na literę HHaiti | Honduras | Hiszpania | Holandia
85%
zaczynający się na literę JJamajka | Japonia | Jemen | Jordania
85%
graniczący z ChinamiKorea Północna | Rosja | Mongolia | Kazachstan |
Kirgistan | Tadżykistan | Afganistan | Pakistan | Indie |
Nepal | Bhutan | Mjanma | Laos | Wietnam
85%
europejski, nie będący członkiem UELiechtenstein | Szwajcaria | Andora | Watykan | San Marino |
Islandia | Norwegia | Rosja | Białoruś | Ukraina |
Mołdawia | Serbia | Kosowo | Bośnia i Hercegowina | Macedonia
Północna | Albania | Czarnogóra | Wielka Brytania | Monako
85%
o powierzchni przekraczającej 9 000 000 km²Rosja | Kanada | Chiny | Stany Zjednoczone
85%
który posłał człowieka na KsiężycStany Zjednoczone
85%
zaczynający się na literę ZZambia | Zimbabwe | Zjednoczone Emiraty Arabskie
84%
w Ameryce Północnej, zaczynający się na KKanada | Kostaryka | Kuba
83%
będący jednym z 5 najczęściej odgadywanych
w quizie "Państwa Świata"
Polska | Rosja | Niemcy | Kanada | Chiny
83%
który był niegdyś częścią JugosławiiSłowenia | Chorwacja | Serbia | Bośnia i Hercegowina |
Czarnogóra | Kosowo | Macedonia Północna
83%
z przynajmniej jednym DisneylandemStany Zjednoczone | Chiny | Japonia | Francja
83%
o powierzchni mniejszej niż 30 km²Watykan | Monako | Nauru | Tuvalu
83%
graniczący z KosowemAlbania | Macedonia Północna | Serbia | Czarnogóra
82%
będący państwem nordyckimIslandia | Norwegia | Szwecja | Finlandia | Dania
82%
który wydaje przynajmniej 65 mld dolarów
rocznie na cele wojskowe
Stany Zjednoczone | Chiny | Arabia Saudyjska | Indie
82%
w Europie, w którym żyje mniej niż 50 tys ludziWatykan | San Marino | Liechtenstein | Monako
82%
który był częścią Paktu WarszawskiegoAlbania | Bułgaria | Czechy | Słowacja | Niemcy |
Węgry | Polska | Rumunia | Rosja
81%
w Azji, o gospodarce wartej ponad bilion dolarówChiny | Japonia | Indie | Korea Południowa | Indonezja
81%
który ma w nazwie tylko 4 literyCzad | Kuba | Iran | Irak | Laos | Mali | Oman | Peru | Togo | Cypr
81%
gdzie niderlandzki jest językiem urzędowymHolandia | Belgia | Surinam
81%
w Amerykach, którego linia brzegowa przekracza
10 000 km długości
Kanada | Stany Zjednoczone | Chile | Brazylia | Meksyk
81%
w Europie, którego nazwa składa się z 5 literMalta | Dania | Litwa | Łotwa | Węgry | Rosja
81%
z przymiotnikiem "zjednoczony" w pełnej nazwieStany Zjednoczone | Wielka Brytania | Zjednoczone Emiraty
Arabskie | Meksyk | Tanzania
81%
w Azji, zaczynający się na literę CChiny | Cypr
80%
graniczący z AlbaniąGrecja | Kosowo | Czarnogóra | Macedonia Północna
80%
który ma stolicę o tej samej nazwieGwatemala | Panama | Meksyk | Singapur | Watykan | San Marino |
Andora | Monako | Kuwejt | Dżibuti
80%
mający prawa terytorialne na biegunie północnymKanada | Dania | Norwegia | Rosja | Stany Zjednoczone
80%
który mówi po rosyjsku (nie wliczając Rosji)Kazachstan | Kirgistan | Białoruś
80%
w Afryce, leżący nad Morzem ŚródziemnymMaroko | Algieria | Tunezja | Libia | Egipt
80%
który ma jedną stolicę modyWielka Brytania | Włochy | Stany Zjednoczone | Francja
80%
który ma miasto z zaludnieniem powyżej 20 mlnChiny | Japonia | Indie | Indonezja | Stany Zjednoczone |
Meksyk | Brazylia | Korea Południowa | Egipt
79%
który miał przynajmniej 100 mln ludzi w 1900 rokuChiny | Wielka Brytania | Rosja
79%
przez który przebiegają AlpyFrancja | Włochy | Szwajcaria | Niemcy | Liechtenstein | Austria | Słowenia
79%
z przynajmniej 2 megamiastamiIndie | Chiny | Stany Zjednoczone | Pakistan | Japonia | Brazylia
79%
graniczący z IndiamiPakistan | Chiny | Nepal | Bhutan | Mjanma | Bangladesz
79%
przez który rozciąga się las AmazoniiBoliwia | Brazylia | Kolumbia | Ekwador | Francja |
Gujana | Peru | Surinam | Wenezuela
78%
z terytorium przekraczającym 1 000 000 km²
które niegdyś należało imperium mongolskiego
(nie wliczając Mongolii)
Chiny | Rosja | Kazachstan | Iran
78%
który otrzymał przynajmniej 50 mln turystów
w 2017 roku
Francja | Hiszpania | Stany Zjednoczone | Chiny | Włochy
78%
w Ameryce Płd., którego stolica zaczyna się
na literę B
Kolumbia | Brazylia | Argentyna
78%
będący państwem-miastemMonako | Singapur | Watykan
78%
który używa rubla jako jednostki monetarnejRosja | Białoruś
78%
który rozciąga się na co najmniej 5000 km
od zachodu do wschodu
Rosja | Kanada | Chiny
78%
w Ameryce Płd, nie mówiący po hiszpańskuSurinam | Gujana | Brazylia
78%
będący jednym z 5 pierwszych w porządku alfabetycznymAfganistan | Albania | Algieria | Andora | Angola
77%
który ma południe w nazwieKorea Południowa | Sudan Południowy | Republika Południowej Afryki
77%
który mówi po serbsku (nie wliczając Serbii)Kosowo | Bośnia i Hercegowina | Chorwacja | Czarnogóra
77%
będący w przynajmniej 30% hinduskiNepal | Indie | Mauritius | Fidżi
77%
będący państwem wyspiarskiem w AfryceRepublika Zielonego Przylądka | Wyspy Świętego Tomasza i
Książęca | Seszele | Komory | Madagaskar | Mauritius
77%
w Azji, którego nazwa składa się z 2 słówTimor Wschodni | Korea Północna | Arabia Saudyjska |
Korea Południowa | Sri Lanka
77%
który rozciąga się na co najmniej 4000 km
od północy do południa
Brazylia | Rosja | Chile
76%
graniczący z państwem o końcówce "-stan"
(ale nie będący jednym z nich)
Chiny | Indie | Iran | Rosja
76%
przez który przebiega równik w Ameryce Płd.Ekwador | Brazylia | Kolumbia
76%
będący państwem bałtyckimEstonia | Łotwa | Litwa
76%
mówiący po hiszpańsku, nie leżący w AmerykachHiszpania | Gwinea Równikowa
76%
który wygrał Eurowizję przynajmniej 5 razyIrlandia | Szwecja | Francja | Luksemburg | Wielka Brytania | Holandia
76%
w Ameryce Północnej, graniczący z tylko
1 innym państwem
Kanada | Haiti | Dominikana
76%
który ma północ w nazwieKorea Północna | Macedonia Północna
76%
w Azji, zaczynający się na literę LLaos | Liban
76%
o liczbie ludności poniżej 20 000Watykan | Tuvalu | Nauru | Palau
76%
który posiada przynajmniej 4 tytuły mistrzowskie
na Mistrzostwach Świata
Brazylia | Niemcy | Włochy
75%
będący państwem komunistycznymChiny | Kuba | Laos | Wietnam | Korea Północna
75%
z miastem, w którym mieści się Parlament UEFrancja | Belgia | Luksemburg
75%
w Azji, leżący nad Morzem ŚródziemnymIzrael | Cypr | Liban | Syria | Turcja
75%
którego flaga jest w przynajmniej 90% czerwonaMaroko | Chiny | Turcja | Wietnam | Kirgistan | Tunezja
75%
w zasięgu 200 km od Stanów Zjednoczonych,
ale nie będący ich sąsiadem
Rosja | Bahamy | Kuba
75%
który osiągnął 5 mln ludności przed naszą erąChiny | Indie | Turcja | Włochy
74%
graniczący z 14 państwamiChiny | Rosja
74%
leżący w Ameryce ŚrodkowejGwatemala | Belize | Honduras | Salwador | Nikaragua |
Kostaryka | Panama
74%
który ma wersję hindi jako język urzędowyIndie | Fidżi | Pakistan
74%
którego granice lądowe przekraczają 14 000 km
długości
Rosja | Chiny | Brazylia | Indie
74%
o PKB wynoszącym więcej niż 3 bln dolarówStany Zjednoczone | Chiny | Japonia | Niemcy
74%
w zasięgu 200 km od CypruTurcja | Syria | Liban
74%
będący jednym z 5 ostatnich w porządku alfabetycznymWyspy Salomona | Wyspy Świętego Tomasza i Książęca |
Zambia | Zimbabwe | Zjednoczone Emiraty Arabskie
74%
który ma spójnik "i" w nazwieAntigua i Barbuda | Trynidad i Tobago | Saint Kitts i Nevis |
Saint Vincent i Grenadyny | Bośnia i Hercegowina |
Wyspy Świętego Tomasza i Książęca
73%
leżący w zasięgu 200 km od TajwanuChiny | Japonia | Filipiny
73%
będący państwem wyspiarkim na Morzu ŚródziemnymMalta | Cypr
73%
przez który przepływa DunajNiemcy | Austria | Słowacja | Węgry | Serbia | Chorwacja |
Rumunia | Bułgaria
73%
przez który przebiegają góry UralRosja | Kazachstan
72%
który mówi po włosku (nie wliczając włoch)San Marino | Watykan | Szwajcaria
72%
który nie ma dostępu do morza w Ameryce Płd.Boliwia | Paragwaj
71%
który ma w nazwie przynajmniej 20 literDemokratyczna Republika Konga | Saint Vincent i Grenadyny |
Republika Środkowoafrykańska | Republika Zielonego Przylądka |
Zjednoczone Emiraty Arabskie | Wyspy Świętego Tomasza i
Książęca | Republika Południowej Afryki | Wybrzeże Kości Słoniowej
71%
leżący na subkontynencie indyjskim
(nie wliczając Indii)
Pakistan | Indie | Nepal | Bhutan | Mjanma | Sri Lanka | Malediwy | Bangladesz
71%
w Azji, graniczący z tylko 1 innym państwemBrunei | Timor Wschodni | Katar | Korea Południowa
70%
z miastem, w którym przynajmniej dwa razy
odbyły się letnie igrzyska olimpijskie
Grecja | Wielka Brytania | Stany Zjednoczone | Francja | Japonia
70%
graniczący z IzraelemLiban | Egipt | Jordania | Syria
70%
w zasięgu 75 km od Włoch, nie będący ich sąsiademMonako | Chorwacja | Niemcy | Liechtenstein | Tunezja | Albania
70%
leżący na Półwyspie IberyjskimPortugalia | Hiszpania | Andora
70%
w Azji, którego stolica zaczyna się na literę PChiny | Kambodża | Korea Północna
69%
który produkuje co najmniej 200 000 ton
oliwy z oliwek rocznie
Hiszpania | Włochy | Grecja
69%
z co najmniej 10 pasami na fladzeMalezja | Stany Zjednoczone | Liberia
69%
który posiada nieprostokątną flagęNepal
69%
który uzyskał niepodległość po 2000 r.Timor Wschodni | Serbia | Czarnogóra | Kosowo | Sudan Południowy
69%
leżący nad Morzem PółnocnymBelgia | Dania | Francja | Niemcy | Holandia | Norwegia | Wielka Brytania
68%
przez który przebiega równik i nie leży w AfryceBrazylia | Kolumbia | Ekwador | Indonezja
68%
będący jednym z 3, które produkują najwięcej herbatyChiny | Indie | Kenia
68%
który panował nad częścią Stanów
Zjednoczonych przed rokiem 1700
Hiszpania | Wielka Brytania | Holandia | Szwecja | Francja
68%
który ma przymiotnik "nowy" w nazwieNowa Zelandia | Papua-Nowa Gwinea
68%
w Azji, którego nazwa składa się z 4 literOman | Irak | Iran | Laos | Cypr
68%
w Ameryce Płd, kończący się na literę JParagwaj | Urugwaj
68%
będący niegdyś częścią Wielkiej Kolumbii
(nie wliczając samej Kolumbii)
Ekwador | Peru | Wenezuela | Panama | Brazylia | Gujana
67%
który zawiera literę Q w nazwie angielskiejGwinea Równikowa | Irak | Mozambik | Katar
67%
graniczący z TunezjąAlgieria | Libia
66%
leżący na BeneluksieBelgia | Holandia | Luksemburg
66%
w Afryce, którego nazwa składa się z 4 literCzad | Mali | Togo
66%
w zasięgu 100 km od Afryki, ale nie leżący w AfryceHiszpania | Jemen | Wielka Brytania
66%
o ludności ponad 6 mln w roku 1000Indie | Chiny | Bangladesz | Turcja | Meksyk | Japonia
66%
w zasięgu 100 km od Niemiec, ale nie będący
ich sąsiadem
Liechtenstein | Włochy | Szwecja
66%
z terytorium leżącym powyżej 80°NDania | Kanada | Rosja | Norwegia
65%
którego nazwa pochodzi od słowa "równik"Ekwador | Gwinea Równikowa
65%
który mówi po albańsku (nie wliczając Albanii)Kosowo | Macedonia Północna
65%
który zaczyna się słowem "Saint"Saint Lucia | Saint Kitts i Nevis | Saint Vincent i Grenadyny
65%
który ma terytoria zależne leżące na KaraibachStany Zjednoczone | Francja | Wielka Brytania | Holandia
65%
zaczynający się na A, ale nie kończący się na AAfganistan | Azerbejdżan
64%
który jest przynajmniej 2,5 razy wyższy niż szerokiChile | Togo | Portugalia
64%
o oczekiwanej długości życia równej lub
powyżej 83 lat
Japonia | Szwajcaria | Singapur | Monako
64%
graniczący tylko z Chinami i IndiamiNepal | Bhutan
64%
którego stolica zaczyna się na literę RWłochy | Łotwa | Islandia | Arabia Saudyjska | Maroko | Dominika
64%
który był częścią imperium portugalskiego
(nie wliczając samej Portugalii)
Brazylia | Urugwaj | Gwinea Bissau | Republika Zielonego Przylądka
| Angola | Mozambik | Wyspy Świętego Tomasza i Książęca |
Timor Wschodni
63%
przez który przebiegają AndyChile | Argentyna | Peru | Ekwador | Boliwia | Kolumbia | Wenezuela
63%
który ma "land" w nazwieFinlandia | Holandia | Irlandia | Islandia | Tajlandia | Nowa Zelandia
63%
który ma jednostkę podziału administracyjnego
o zaludnieniu przekraczającym 100 mln
Indie | Chiny | Pakistan
63%
którego stolica zaczyna się na literę ONorwegia | Kanada
63%
w Azji, którego stolica zaczyna się na literę TTajwan | Iran | Uzbekistan | Gruzja | Bhutan | Japonia
63%
leżący nad Morzem CzerwonymDżibuti | Egipt | Erytrea | Izrael | Jordania |
Arabia Saudyjska | Sudan | Jemen
62%
kończący się na literę EIndie | Zjednoczone Emiraty Arabskie | Seszele | Sierra Leone |
Zimbabwe | Belize | Stany Zjednoczone | Chile
62%
graniczący z PanamąKostaryka | Kolumbia
62%
o PKB na osobę przekraczającym $100 000Monako | Katar | Liechtenstein | Luksemburg | Singapur
62%
który rocznie produkuje co najmniej 50 mln ton
pszenicy rocznie
Chiny | Indie | Rosja
61%
który jako jedyny zaczyna się na jakąś literęŁotwa | Oman | Vanuatu
61%
kończący się na literę UGwinea Bissau | Nauru | Palau | Peru | Tuvalu | Vanuatu
60%
w Ameryce Płd, w którym żyje mniej niż milion ludziSurinam | Gujana
60%
mający prawa terytorialne na AntarktydzieArgentyna | Australia | Chile | Francja | Nowa Zelandia |
Norwegia | Wielka Brytania
59%
o średniej temperaturze poniżej 15°C, leżący
w Afryce, Oceanii lub Ameryce Południowej
Argentyna | Chile | Lesotho | Nowa Zelandia
59%
z terytorium na wyspie TimorIndonezja | Timor Wschodni
59%
którego stolica leży powyżej 59°NIslandia | Finlandia | Norwegia | Estonia | Szwecja
59%
będący jednym z 5 najmniej demokratycznychKorea Północna | Republika Środkowoafrykańska | Czad |
Gwinea Równikowa | Syria
59%
leżący nad Morzem KaspijskimRosja | Azerbejdżan | Iran | Turkmenistan | Kazachstan
59%
w Afryce, graniczący z tylko 1 innym państwemGambia | Lesotho
58%
będący państwem wyspiarskim o powierzchni
przekraczającej 400 000 km²
Indonezja | Papua-Nowa Gwinea | Madagaskar
58%
leżący nad Morzem AdriatyckimAlbania | Bośnia i Hercegowina | Chorwacja |
Włochy | Czarnogóra | Słowenia
57%
przez który przebiega południk zerowyAlgieria | Burkina Faso | Francja | Ghana | Mali |
Hiszpania | Togo | Wielka Brytania
57%
który ma przynajmniej 2 litery C w nazwieChorwacja | Czechy | Macedonia Północna
57%
przez który przebiegają PirenejeHiszpania | Andora | Francja
57%
będący państwem wyspiarskim na Pacyfiku
o powierzchni ponad 100 000 km²
Indonezja | Papua-Nowa Gwinea | Japonia | Filipiny | Nowa Zelandia
57%
w Oceanii, w którym żyje mniej niż 100 tys ludziNauru | Tuvalu | Palau | Wyspy Marshalla
57%
w zasięgu 500 km od AustraliiPapua-Nowa Gwinea | Indonezja | Timor Wschodni
57%
który mówi po chińsku (nie wliczając Chin)Tajwan | Singapur
57%
który otrzymuje 7000 km³ opadów rocznieBrazylia | Rosja | Stany Zjednoczone
56%
z ponad 50 obiektami na liście światowego
dziedzictwa UNESCO
Chiny | Włochy
56%
ze stolicą o średniej temperaturze poniżej 5°CMongolia | Kazachstan | Islandia
56%
o gęstości zaludnienia równej lub poniżej 3
ludzi na km²
Mongolia | Namibia | Australia | Islandia
56%
będący w większości muzułmański, leżący
w Europie
Albania | Bośnia i Hercegowina
55%
który mówi po malajsku (nie wliczając Malezji)Indonezja | Singapur | Brunei
54%
który ma wersję perskiego jako język urzędowyIran | Tadżykistan | Afganistan
54%
w Oceanii, graniczący z tylko 1 innym państwemPapua-Nowa Gwinea
54%
graniczący z EswatiniRepublika Południowej Afryki | Mozambik
54%
który nie jest członkiem ONZ, ale jest uznawany
jako państwo na JetPunk
Tajwan | Kosowo | Watykan
54%
który walczy o FalklandyWielka Brytania | Argentyna
54%
którego terytorium otacza inne państwoWłochy | Republika Południowej Afryki
54%
kończący się na literę RCypr | Katar | Singapur | Niger | Salwador | Ekwador | Madagaskar
53%
leżący nad Morzem EgejskimGrecja | Turcja
52%
o PKB na osobę przekraczającym $75 000,
leżący w Azji
Katar | Singapur | Brunei
52%
który leży w IndochinachLaos | Wietnam | Kambodża | Tajlandia | Mjanma | Malezja
52%
w zasięgu 2000 km od Brasilii
(nie wliczając Brazylii)
Paragwaj | Boliwia
52%
który ma wschód w nazwieTimor Wschodni
52%
którego większość terytorium leży na KaukazieArmenia | Azerbejdżan | Gruzja
51%
w Azji, w którym żyje mniej niż milion ludziCypr | Bhutan | Brunei | Malediwy
51%
w zasięgu 500 km od Lesotho, ale nie będący
jego sąsiadem
Eswatini | Mozambik | Botswana
51%
o najwyższej zarejestrowanej temperaturze ponad 53°CKuwejt | Stany Zjednoczone | Irak | Iran | Pakistan
51%
który ma dostęp do morza i linię brzegową
krótszą niż 30 km
Monako | Bośnia i Hercegowina | Tuvalu | Jordania | Nauru
51%
z terytorium leżącym poniżej 54°SChile | Argentyna | Australia
50%
leżący w Rogu AfrykiDżibuti | Erytrea | Somalia | Etiopia
50%
którego stolica zaczyna się na literę VLiechtenstein | Malta | Seszele
50%
którego flaga jest w przynajmniej 85% niebieskaMikronezja | Kazachstan | Nauru | Somalia | Kosowo | Saint Lucia
50%
będący enklawą innego państwaWatykan | San Marino | Lesotho
50%
o gęstości zaludnienia przekraczającej 2 000
ludzi na km²
Monako | Singapur | Watykan | Bahrajn
49%
graniczący z DżibutiErytrea | Etiopia | Somalia
48%
którego stolica leży w zasięgu 1500 km
od Meksyku (miasta)
Gwatemala | Belize | Salwador | Honduras
48%
który posiada terytorium na Nowej GwineiIndonezja | Papua-Nowa Gwinea
48%
którego stolica zaczyna się na literę HFinlandia | Kuba | Wietnam | Zimbabwe | Wyspy Salomona
47%
w Afryce, w którym żyje mniej niż milion ludziSeszele | Wyspy Świętego Tomasza i Książęca | Dżibuti |
Republika Zielonego Przylądka | Komory
47%
który używa jednostek imperialnychStany Zjednoczone | Liberia | Mjanma
46%
leżący nad Jeziorem WiktoriiUganda | Kenia | Tanzania
46%
który uzyskał niepodległość od USAPalau | Wyspy Marshalla | Mikronezja | Filipiny | Kuba
45%
będący częścią "BRICS"Brazylia | Rosja | Indie | Chiny | Republika Południowej Afryki
44%
mający prawa terytorialne na wyspie Saint MartinFrancja | Holandia
44%
leżący na MikronezjiPalau | Wyspy Marshalla | Mikronezja | Kiribati
44%
z terytorium na pustyni GobiChiny | Mongolia
43%
będący dawnym członkiem Brytyjskiej Wspólnoty NarodówIrlandia | Malediwy | Zimbabwe
42%
z co najmniej dwiema stolicami
(akceptowanymi przez JetPunk)
Republika Południowej Afryki | Benin | Palau | Boliwia
42%
który używa rupii jako jednostki monetarnejIndie | Pakistan | Nepal | Seszele | Mauritius | Sri Lanka
41%
graniczący z Gwineą i SenegalemGwinea Bissau | Mali
40%
w Ameryce Płn, w którym żyje mniej niż 100 tys ludziSaint Kitts i Nevis | Dominika
40%
z terytorium na wyspie BorneoIndonezja | Malezja | Brunei
39%
kończący się na literę LIzrael | Nepal | Senegal
39%
będący jednym z 5 najrzadziej odgadywanych
w quizie "Państwa Świata"
Saint Vincent i Grenadyny | Saint Lucia | Nauru | Tonga | Tuvalu
39%
którego nazwa składa się z jednej sylabyCypr | Czad
38%
z pojemnością energii geotermalnej powyżej
1000 megawatów
Stany Zjednoczone | Filipiny | Indonezja | Meksyk | Nowa Zelandia
38%
będący w zasięgu 250 km od Morza Egejskiego,
ale nie na jego wybrzeżu
Bułgaria | Macedonia Północna | Albania | Serbia | Kosowo
37%
którego stolica zaczyna się na literę JIzrael | Kamerun | Wybrzeże Kości Słoniowej
36%
którego stolica leży pomiędzy 55° i 52°NLitwa | Białoruś | Irlandia | Niemcy | Holandia | Polska
35%
który ma literę X w nazwie angielskiejMeksyk | Luksemburg
35%
przez który przebiegają góry AtlasAlgieria | Maroko | Tunezja
34%
których granice lądowe są krótsze niż 10 000km
ale dłuższe niż 6 500 km
Argentyna | Kanada | Mongolia | Mali | Pakistan | Sudan | Boliwia
34%
który uzyskał niepodległość od Holandii w XX w.Indonezja | Surinam
33%
w zasięgu 100 km od Morza TyrreńskiegoWłochy | Francja | Watykan
33%
będący państwem wyspiarskim, którego stolica
zawiera słowo "port"
Mauritius | Papua-Nowa Gwinea | Trynidad i Tobago |
Vanuatu | Haiti
32%
z co najmniej 7 gwiazdami na fladze
(nie wliczając USA)
Brazylia | Uzbekistan | Republika Zielonego Przylądka | Dominika |
Bośnia i Hercegowina | Tuvalu | Wenezuela | Grenada
31%
kończący się na literę TEgipt | Kuwejt
28%
z kolorem fioletowym na fladzeDominika | Nikaragua
27%
którego stolica zaczyna się na literę GBotswana | Gujana | Burundi | Gwatemala
26%
o HDI równym lub większym od 0,935Norwegia | Szwajcaria | Australia | Irlandia
26%
leżący na PolinezjiNowa Zelandia | Samoa | Tonga | Tuvalu
26%
przez który przepływa rzeka ParanaBrazylia | Paragwaj | Argentyna
25%
będący częścią Małych AntyliAntigua i Barbuda | Saint Kitts i Nevis | Saint Lucia |
Dominika | Saint Vincent i Grenadyny | Barbados |
Grenada | Trynidad i Tobago
24%
o PKB na osobę poniżej $1000Burundi | Republika Środkowoafrykańska |
Demokratyczna Republika Konga
24%
który ma powierzchnię powyżej 750,000 km²
i nie ma pustyni
Demokratyczna Republika Konga | Indonezja | Zambia
24%
który mówi po suahiliUganda | Rwanda | Kenia | Tanzania
24%
który ma stolicę z jedną sylabą w nazwieBiałoruś | Włochy
23%
o zaludnieniu poniżej miliona, ale powyżej 600 tysDżibuti | Fidżi | Komory | Bhutan | Gujana | Czarnogóra
23%
o oczekiwanej długości życia równej lub
poniżej 52 lat
Czad | Gwinea Bissau | Afganistan
22%
leżący na wyspie o łacińskiej nazwie HispaniolaHaiti | Dominikana
21%
który mówi po berberyjskuAlgieria | Maroko
20%
który jest przynajmniej 2,5 razy szerszy niż wysokiGambia | Turcja | Jamajka
19%
o PKB wynoszącym mniej niż 300 mln dolarówTuvalu | Kiribati | Nauru | Palau
19%
który jako jedyny kończy się na jakąś literęBangladesz | Białoruś | Czad | Luksemburg
18%
leżący na MelanezjiFidżi | Papua-Nowa Gwinea | Wyspy Salomona | Vanuatu
18%
o HDI równym lub mniejszym od 0,4Niger | Republika Środkowoafrykańska | Sudan Południowy
16%
w Afryce, o PKB na osobę przekraczającym
$20 000
Seszele | Mauritius | Gwinea Równikowa
15%
który ma wersję kreolskiego jako język urzędowyHaiti | Seszele | Mauritius
11%
który używa szylinga jako jednostki monetarnejUganda | Tanzania | Somalia | Kenia
9%
którego stolica zaczyna się na literę FTuvalu | Sierra Leone
8%
który dołączył do OPEC po roku 2000Ekwador | Gabon | Angola | Gwinea Równikowa | Kongo
6%

Rozkład punktacji

Percentyl według liczby udzielonych odpowiedzi

Procent ludzi z każdym wynikiem

Twoja historia wyników

Nie rozwiązałeś tego quizu